[Event "Carlos Torre Memorial op 15th"]
[Site "Merida"]
[Date "2002.12.13"]
[Round "1"]
[White "Tey Carrera, Joaquin"]
[Black "Ramirez Alvarez, Alejandro"]
[Result "0-1"]
[WhiteElo "2085"]
[BlackElo "2421"]
[PlyCount "79"]
[EventDate "2002.12.13"]
[EventType "swiss"]
[EventRounds "9"]
[EventCountry "MEX"]
[SourceTitle "CBM 091 Extra"]
[Source "ChessBase"]
[SourceDate "2003.01.09"]
[SourceVersion "1"]
[SourceVersionDate "2003.01.09"]
[SourceQuality "1"]

1. d4 Nf6 2. c4 c5 3. d5 b5 4. Nc3 b4 5. Nb1 g6 6. Nd2 Bg7 7. e4 d6 8. Bd3 0-0 9. Ne2 e5 10. f3 Nh5 11. Nf1 f5 12. exf5 gxf5 13. Qc2 a5 14. Nfg3 Qh4 15. 0-0 Nxg3 16. Nxg3 Qf6 17. Bd2 Bh8 18. Kh1 Ra7 19. a3 Na6 20. axb4 axb4 21. b3 Qg6 22. Ra2 h5 23. Ne2 Re7 24. g4 hxg4 25. Ng3 gxf3 26. Rxa6 Bxa6 27. Bxf5 Qe8 28. Be6+ Rxe6 29. dxe6 Qxe6 30. Qe4 Rb8 31. Nf5 Bb7 32. Qg4+ Kf8 33. h4 Rd8 34. Qh5 Bg7 35. Bg5 Rd7 36. Kh2 Be4 37. Nxg7 Kxg7 38. Rg1 Bg6 39. Bh6+ Kh7 40. Qg5 0-1